| 000 | 01762nam a22003975i 4500 | ||
|---|---|---|---|
| 001 | 11462 | ||
| 003 | ES-MaACL | ||
| 005 | 20250803063028.0 | ||
| 007 | t| | ||
| 008 | 921113s1992 sp ||||0| spa j | ||
| 017 |
_aM 15691-1992 _bOficina Depósito Legal Madrid |
||
| 020 | _a84-7100-265-5 | ||
| 040 |
_aM-BN _bspa _cM-BN |
||
| 080 | _a98(=60)"1492/1600" | ||
| 100 | 1 |
_aFuentes Gómez de Salazar, Eduardo de _eaut _952923 |
|
| 245 | 1 | 0 |
_aEstrategias de la implantación española en América / _cEduardo de Fuentes Gómez de Salazar |
| 260 |
_aMadrid : _bMAPFRE, _c[1992] |
||
| 300 |
_a322 páginas ; _c23 cm |
||
| 490 | 1 |
_aColección Armas y América _v2 _9178993 |
|
| 490 | 1 |
_aColecciones MAPFRE 1492 _9241455 |
|
| 500 | _aÍndices | ||
| 500 | _aCronología | ||
| 504 | _aBibliografía: páginas 305-307 | ||
| 505 | 0 | _aLa Europa cristiana previa al descubrimiento; Primeros planes explotadores del Atlántico; Búsqueda del Mar de las Indias; Conquista del paso a la Mar del Sur; Hernán Cortés y la conquista del Imperio Azteca; Francisco Pizarro y la conquista del Imperio Inca | |
| 530 | _aDisponible en formato digital | ||
| 651 | 4 |
_aAmérica española- _xHistoria- _y1492-1600 (Descubrimiento y conquista) _97724 |
|
| 710 | 2 |
_aFundación MAPFRE América _eisb _94363 |
|
| 710 | 2 |
_aFundación MAPFRE _eedt _94362 |
|
| 830 | 0 | 0 |
_aColección Armas y América _v2 _9178993 |
| 830 | 0 | 0 |
_aColecciones MAPFRE 1492 _9241455 |
| 852 |
_aES-MaACL _bR.124211 _cDEPO2 _jL-18787 |
||
| 856 |
_uhttps://archive.org/details/de-fuentes-e.-las-estrategias-de-la-implantacion-espanola-en-america-1992 _yVersión en línea _z(Internet Archive) |
||
| 942 |
_2udc _cMONOGRAFIA _n0 |
||
| 999 |
_c11462 _d11462 |
||